Inside Australia.

On a vast salt lake surrounded by red earth, British sculptor Antony Gormley embarks on an installation that awakens a small Goldfields town in remote Western Australia. Directer: Hugh Brody. Executive Producer: Brian Beaton. Producer: Jody Nunn.

Bibliographic Details
Corporate Author: Kanopy (Firm)
Other Authors: Brody, Hugh (Director), Nunn, Jody (Producer)
Format: Video
Language:English
Published: [San Francisco, California, USA] : Kanopy Streaming, 2014.
Subjects:
Online Access:Connect to this streaming video

MARC

Tag First Indicator Second Indicator Subfields
LEADER 00000cgm a2200000 i 4500
001 in00003585813
006 m o c
007 vz uzazuu
007 cr una---unuuu
008 140717p20142000cau050 o vleng d
005 20260324182726.1
028 5 2 |a 1055043  |b Kanopy 
035 |a (OCoLC)897766716 
035 |a (CaSfKAN)kan1055043 
040 |a UtOrBLW  |b eng  |e rda  |c UtOrBLW  |d UtOrBLW 
043 |a e-uk---  |a u-at--- 
245 0 0 |a Inside Australia. 
264 1 |a [San Francisco, California, USA] :  |b Kanopy Streaming,  |c 2014. 
300 |a 1 online resource (1 video file, approximately 52 min.) :  |b digital, .flv file, sound 
336 |a two-dimensional moving image  |b tdi  |2 rdacontent 
337 |a computer  |b c  |2 rdamedia 
337 |a video  |b v  |2 rdamedia 
338 |a online resource  |b cr  |2 rdacarrier 
500 |a Title from title frames. 
518 |a Originally produced by Artemis International in 2000. 
520 |a On a vast salt lake surrounded by red earth, British sculptor Antony Gormley embarks on an installation that awakens a small Goldfields town in remote Western Australia. Directer: Hugh Brody. Executive Producer: Brian Beaton. Producer: Jody Nunn. 
538 |a Mode of access: World Wide Web. 
600 1 0 |a Gormley, Antony.  |0 http://id.loc.gov/authorities/names/n87135670 
650 0 |a Sculptors  |z Great Britain. 
650 0 |a Art  |z Australia.  |0 http://id.loc.gov/authorities/subjects/sh88001970 
651 0 |a Australia.  |0 http://id.loc.gov/authorities/names/n79021326 
655 7 |a Internet videos.  |2 lcgft  |0 http://id.loc.gov/authorities/genreForms/gf2011026337 
655 7 |a Nonfiction films.  |2 lcgft  |0 http://id.loc.gov/authorities/genreForms/gf2011026423 
700 1 |a Brody, Hugh,  |e director.  |0 http://id.loc.gov/authorities/names/n50040510 
700 1 |a Nunn, Jody,  |e producer. 
710 2 |a Kanopy (Firm)  |0 http://id.loc.gov/authorities/names/no2014091415 
856 4 0 |u http://proxy.library.tamu.edu/login?url=https://texasam.kanopystreaming.com/node/55044  |z Connect to this streaming video  |t 0 
999 f f |s 8a81b5cf-9077-3712-bec9-00fd79bb9de8  |i dab7d10f-161f-36af-bbe2-db9fc9462873  |t 0 
952 f f |a Texas A&M University  |b College Station  |c Electronic Resources  |s www_evans  |d Available Online  |t 0  |h No information provided 
998 f f |t 0  |l Available Online